[Event "Kvika Reykjavik Open 2022"]
[Site "Reykjavik ISL"]
[Date "2022.04.06"]
[Round "1.101"]
[White "Haraldsson, Sigurjon"]
[Black "Hafthorsson, Jon Ulfur"]
[Result "1-0"]
[WhiteElo "1806"]
[BlackElo "1186"]
[WhiteFideId "2303655"]
[BlackFideId "2323206"]
[EventDate "2022.04.06"]

1. c4 Nf6 2. d4 c5 3. d5 e5 4. Nc3 d6 5. e4 Be7 6. h3 Na6 7. f4 exf4 8. Bxf4 Nc7
9. Bd3 a6 10. Qe2 Nd7 11. Nf3 O-O 12. O-O b5 13. cxb5 axb5 14. Nxb5 Ba6 15. Nxd6
Nf6 16. Nf5 Nh5 17. Bxc7 Qxc7 18. Bxa6 c4 19. Bxc4 Bc5+ 20. Kh1 g6 21. N3h4 Qg3
22. Nxg3 Nxg3+ 23. Kh2 Nxe2 24. Bxe2 Bd6+ 25. Kh1 Be5 26. Rab1 Rxa2 27. Nf3 Bxb2
28. Bc4 Ra4 29. Bb3 Rxe4 30. Rxb2 Rb4 31. Rbb1 Rfb8 32. Bc2 f6 33. Nd4 Kf7 34.
Nc6 Rxb1 35. Rxb1 Rxb1+ 36. Bxb1 f5 37. Ba2 Ke8 38. Na7 Kd7 39. Nb5 h6 40. Bb1
Ke7 41. Kg1 Kf6 42. Kf2 g5 43. d6 f4 44. Kf3 Ke6 45. Kg4 h5+ 46. Kxg5 f3 47.
gxf3 h4 48. Kxh4 Kd7 49. Bf5+ Ke8 1-0

[Event "Kvika Reykjavik Open 2022"]
[Site "Reykjavik ISL"]
[Date "2022.04.06"]
[Round "1.102"]
[White "De Wachter, Livia"]
[Black "Labrovic, Jakov"]
[Result "0-1"]
[WhiteElo "1171"]
[BlackElo "1806"]
[WhiteFideId "255505"]
[BlackFideId "14549786"]
[EventDate "2022.04.06"]

1. e4 e5 2. Nf3 f5 3. Nc3 Nc6 4. Bb5 d6 5. O-O Nf6 6. Re1 Nxe4 7. Nxe4 fxe4 8.
Rxe4 Bf5 9. Re1 Be7 10. d3 O-O 11. c3 Bg4 12. d4 exd4 13. Bxc6 bxc6 14. Qxd4
Bxf3 15. gxf3 Qd7 16. Qg4 Qd8 17. Qc4+ d5 18. Qxc6 Kh8 19. Qe6 Bd6 20. Qg4 Qf6
21. Be3 Rf7 22. Rad1 c6 23. Bd4 Qh6 24. Be5 Raf8 25. Bxd6 Qxd6 26. Re6 Qc5 27.
Re3 Rf6 28. Qd4 Qd6 29. Qe5 Qd7 30. Kf1 Qc8 31. Rdd3 h6 32. Ke1 Rf4 33. Ke2 Qa6
34. Ke1 Qxa2 35. Kf1 Qxb2 36. Qc7 Qb5 37. Kg2 R4f7 38. Qd6 a5 39. Rd4 Rf6 40.
Qd7 h5 41. f4 Qb1 42. Rg3 R8f7 43. Qd8+ Kh7 44. Qxa5 Rxf4 45. Rxf4 Rxf4 46. Qc7
Qe4+ 47. Kg1 Qe1+ 48. Kg2 Rxf2+ 49. Kh3 Qe6+ 50. Kh4 Rxh2+ 51. Kg5 Qf6# 0-1

[Event "Kvika Reykjavik Open 2022"]
[Site "Reykjavik ISL"]
[Date "2022.04.06"]
[Round "1.103"]
[White "Finnsson, Johann Arnar"]
[Black "Hallmundarson, Birkir"]
[Result "1-0"]
[WhiteElo "1805"]
[BlackElo "1162"]
[WhiteFideId "2308240"]
[BlackFideId "2319446"]
[EventDate "2022.04.06"]

1. g3 Nf6 2. Bg2 e5 3. c4 Bc5 4. Nc3 c6 5. d3 d5 6. cxd5 cxd5 7. Nf3 d4 8. Nb1
Nc6 9. Nbd2 O-O 10. O-O Bg4 11. Nc4 Bxf3 12. Bxf3 Re8 13. Bg5 h6 14. Bxf6 Qxf6
15. Qb3 Rab8 16. Rac1 Be7 17. Nd2 Qe6 18. Qa4 b5 19. Qb3 Qxb3 20. Nxb3 Nb4 21.
a3 Na6 22. Rc6 Rb6 23. Rxb6 axb6 24. Bc6 Rc8 25. Bxb5 Nc5 26. Rc1 f6 27. Nd2 Kf7
28. b4 Ra8 29. bxc5 Bxc5 30. a4 f5 31. Nb3 Bd6 32. Rc6 Ke7 33. Rxb6 Rc8 34. Rc6
Ra8 35. a5 h5 36. a6 f4 37. Rb6 g5 38. Bc6 f3 39. exf3 Rf8 40. a7 h4 41. a8=Q
Rxa8 42. Bxa8 Ke6 43. Nc5+ Kf5 44. Be4+ Kf6 45. Rxd6+ 1-0

[Event "Kvika Reykjavik Open 2022"]
[Site "Reykjavik ISL"]
[Date "2022.04.06"]
[Round "1.104"]
[White "Sveinbjornsson, Gudmundur Orri"]
[Black "Acevedo Mendez, Lisseth"]
[Result "0-1"]
[BlackTitle "WIM"]
[WhiteElo "1144"]
[BlackElo "1801"]
[WhiteFideId "2318369"]
[BlackFideId "6502938"]
[EventDate "2022.04.06"]

1. e4 e5 2. Nf3 Nc6 3. Bc4 Bc5 4. c3 Nf6 5. d3 h6 6. O-O O-O 7. Re1 Bb6 8. Be3
d6 9. h3 Ne7 10. Bxb6 axb6 11. d4 Ng6 12. Nbd2 Qe7 13. Qb3 Bd7 14. Bb5 c6 15.
Bd3 Nf4 16. Be2 b5 17. a4 exd4 18. Nxd4 Rfe8 19. f3 Qe5 20. axb5 Rxa1 21. Rxa1
c5 22. Bc4 d5 23. Bxd5 N6xd5 24. exd5 cxd4 25. Ne4 dxc3 26. Qxc3 Ne2+ 0-1

[Event "Kvika Reykjavik Open 2022"]
[Site "Reykjavik ISL"]
[Date "2022.04.07"]
[Round "2.3"]
[White "Sukandar, Irine Kharisma"]
[Black "Niemann, Hans Moke"]
[Result "0-1"]
[WhiteTitle "IM"]
[BlackTitle "GM"]
[WhiteElo "2386"]
[BlackElo "2637"]
[WhiteFideId "7101937"]
[BlackFideId "2093596"]
[EventDate "2022.04.06"]

1. e4 c5 2. Nc3 Nc6 3. Bb5 g6 4. Bxc6 bxc6 5. d3 Bg7 6. Be3 Rb8 7. Nge2 d5 8.
exd5 cxd5 9. Bxc5 d4 10. Ne4 f5 11. N4g3 Qd5 12. b4 Qxg2 13. Qd2 Qd5 14. Bxa7
Ra8 15. Bc5 e5 16. c4 Qc6 17. f4 Bh6 18. Rf1 Nf6 19. Qb2 Rb8 20. Ba7 Rb7 21.
fxe5 Ng4 22. Bxd4 Nxh2 23. b5 Qg2 24. Rf2 Qh3 25. c5 Ng4 26. c6 Re7 27. b6 O-O
28. Qb3+ Be6 29. Qb4 Ree8 30. b7 Qh4 31. c7 Nxf2 32. Kxf2 f4 33. Rg1 fxg3+ 34.
Ke1 g2+ 35. Kd1 Qg4 36. b8=Q Rf1+ 37. Qe1 Qxe2+ 0-1

[Event "Kvika Reykjavik Open 2022"]
[Site "Reykjavik ISL"]
[Date "2022.04.07"]
[Round "2.6"]
[White "Praggnanandhaa, R"]
[Black "Brunello, Marina"]
[Result "1/2-1/2"]
[WhiteTitle "GM"]
[BlackTitle "IM"]
[WhiteElo "2624"]
[BlackElo "2337"]
[WhiteFideId "25059530"]
[BlackFideId "822590"]
[EventDate "2022.04.06"]

1. d4 d5 2. c4 c6 3. Nf3 Nf6 4. e3 Bf5 5. Nc3 e6 6. Nh4 Be4 7. f3 Bg6 8. Qb3 Qc7
9. Bd2 Be7 10. O-O-O dxc4 11. Qxc4 a6 12. Nxg6 hxg6 13. Qb3 c5 14. d5 exd5 15.
Nxd5 Nxd5 16. Qxd5 Nc6 17. h4 Nb4 18. Qe4 O-O-O 19. a3 Nc6 20. Be2 Kb8 21. Kb1
Bf6 22. Bc1 Rxd1 23. Bxd1 Ne7 24. Bb3 Nf5 25. Rd1 Nd6 26. Qf4 Rd8 27. Bc2 Ka7
28. g4 Qe7 29. g5 Be5 30. Qg4 Nb5 31. Rxd8 Qxd8 32. Qc4 Qb6 33. Ka2 Nd6 34. Qd5
Bg3 35. e4 c4 36. e5 Nb5 37. a4 Nc7 38. Qxf7 c3 39. Qxg6 Qg1 40. Qd6 Qxc1 41.
Qd4+ Kb8 42. Qd8+ Ka7 43. Qd4+ b6 44. Qxc3 Nd5 45. Qd4 Qxc2 46. Qxd5 Qf5 47. a5
Qxe5 48. Qd7+ Qc7 49. axb6+ Kxb6 50. Qd4+ Kb5 51. Qd5+ Kb4 52. Qb3+ Kc5 53. h5
Qa5+ 54. Kb1 Qe1+ 55. Ka2 Qa5+ 56. Kb1 Kd4 57. h6 gxh6 58. gxh6 Be5 59. h7 Qe1+
60. Ka2 Qa5+ 61. Kb1 Qe1+ 62. Ka2 Qa5+ 1/2-1/2

[Event "Kvika Reykjavik Open 2022"]
[Site "Reykjavik ISL"]
[Date "2022.04.07"]
[Round "2.17"]
[White "Zysko, Jan"]
[Black "Laurent-Paoli, Pierre"]
[Result "1/2-1/2"]
[BlackTitle "IM"]
[WhiteElo "2110"]
[BlackElo "2487"]
[WhiteFideId "1141589"]
[BlackFideId "26017962"]
[EventDate "2022.04.06"]

1. e4 c6 2. d4 d5 3. Nd2 dxe4 4. Nxe4 Nd7 5. c3 Ngf6 6. Nxf6+ Nxf6 7. Bd3 Qd5 8.
Qf3 Bg4 9. Qxd5 Nxd5 10. Ne2 O-O-O 11. h3 Bh5 12. Nf4 Nxf4 13. Bxf4 e6 14. Be2
Bg6 15. O-O-O Be4 16. f3 Bg6 17. Bd3 Bxd3 18. Rxd3 h5 19. Kc2 h4 20. Re1 Rh5 21.
Re5 Rd5 22. Rxh5 Rxh5 23. Re3 Rf5 24. Re4 Be7 25. Bd2 Bf6 26. a4 Kd7 27. Be1 Rh5
28. Kd3 Be7 29. Re5 f5 30. Re2 Rh8 31. Bd2 g5 32. c4 Rg8 33. Be1 Bf6 34. b4 a6
35. Bf2 Rd8 36. c5 Ke7 37. Kc4 Kf7 38. Rd2 Rd5 39. Re2 e5 40. dxe5 Bxe5 41. Be3
Bf6 42. Rd2 f4 43. Bd4 Ke6 44. Rd3 Bxd4 45. Rxd4 Re5 46. Rd6+ Kf5 47. Rd7 Re2
48. Rxb7 Rxg2 49. Rf7+ Ke5 50. Re7+ Kf5 51. Rf7+ Ke5 52. Re7+ Kf5 1/2-1/2

[Event "Kvika Reykjavik Open 2022"]
[Site "Reykjavik ISL"]
[Date "2022.04.07"]
[Round "2.28"]
[White "Foerster-Yialamas, Lucas"]
[Black "Grieve, Harry"]
[Result "0-1"]
[WhiteTitle "CM"]
[BlackTitle "FM"]
[WhiteElo "2075"]
[BlackElo "2387"]
[WhiteFideId "30901774"]
[BlackFideId "426520"]
[EventDate "2022.04.06"]

1. e4 c6 2. d4 d5 3. e5 Bf5 4. h4 h5 5. Bd3 Bxd3 6. Qxd3 Qa5+ 7. Nd2 e6 8. Nf3
Nh6 9. O-O Nf5 10. c4 Be7 11. g3 O-O 12. Rd1 Qa6 13. b3 c5 14. Bb2 Nc6 15. dxc5
Bxc5 16. Kg2 Rfd8 17. Qf1 Nb4 18. cxd5 Qxf1+ 19. Nxf1 Nxd5 20. Rac1 Rac8 21. a3
a5 22. Rd2 Ba7 23. Rc4 b5 24. Re4 Rd7 25. Ne1 Rdc7 26. g4 hxg4 27. Rxg4 a4 28.
Ng3 Nh6 29. Rg5 Nf4+ 30. Kf3 Nh3 31. bxa4 bxa4 32. Rh5 Rc4 33. Ne4 Rb8 34. Nd3
Rb3 35. Nd6 Rf4+ 36. Kg2 Rxf2+ 37. Nxf2 Nf4+ 38. Kf1 Nxh5 39. Nfe4 Ng4 40. Ng5
Be3 41. Rg2 Nf4 42. Rc2 Rb8 43. Ndxf7 Bd4 44. Bc1 Ne3+ 45. Bxe3 Bxe3 46. Re2
Nxe2 47. Kxe2 Rb3 48. Nd6 Bxg5 49. hxg5 Rxa3 50. Ne4 Rh3 51. Kd2 a3 52. Kc2 Re3
53. Nd6 Rxe5 54. g6 Rd5 55. Ne4 Rb5 56. Nc3 Rc5 57. Kb3 Rxc3+ 58. Kxc3 Kf8 59.
Kb3 Ke7 60. Kxa3 Kf6 0-1

[Event "Kvika Reykjavik Open 2022"]
[Site "Reykjavik ISL"]
[Date "2022.04.07"]
[Round "2.36"]
[White "Thorsteinsdottir, Hallgerdur"]
[Black "Willow, Jonah B"]
[Result "0-1"]
[WhiteTitle "WFM"]
[BlackTitle "FM"]
[WhiteElo "1981"]
[BlackElo "2411"]
[WhiteFideId "2302454"]
[BlackFideId "438804"]
[EventDate "2022.04.06"]

1. e4 c5 2. Nf3 Nf6 3. e5 Nd5 4. c4 Nc7 5. d4 cxd4 6. Nxd4 g6 7. Be2 Bg7 8. f4
O-O 9. O-O d6 10. exd6 Qxd6 11. Nb3 Qxd1 12. Rxd1 Nc6 13. Nc3 Bf5 14. Be3 Rfd8
15. Rxd8+ Rxd8 16. Rd1 Rxd1+ 17. Bxd1 Bd3 18. Nd2 b6 19. Kf2 Nd4 20. g4 Na6 21.
a3 Nc5 22. b4 Nb7 23. h3 Nd6 24. c5 bxc5 25. bxc5 Nb7 26. Na4 Bb5 27. Ne4 Bc6
28. Nec3 Na5 29. Nb2 Ne6 30. Nca4 Nc7 31. Kg3 Nb5 32. Bd2 Nb7 33. Nc4 Bd4 34.
Ne5 Bxe5 35. fxe5 Nxa3 36. Be3 Nc4 37. Bd4 Nd8 38. Nb2 Nxb2 39. Bxb2 Ne6 40. Ba3
Kf8 41. Bb3 Nd4 42. Bc4 Nc2 43. Bc1 e6 44. Bd2 Bd5 45. Bb5 Nd4 46. Bh6+ Kg8 47.
Ba4 Ne2+ 48. Kf2 Nc3 49. Bd7 Ne4+ 50. Ke3 Nxc5 51. Bb5 a6 52. Be2 a5 53. Kd4
Nb3+ 54. Kc3 a4 55. Kb4 Nd4 56. Bd1 Nc6+ 57. Kxa4 Nxe5 58. Bf4 Nd3 0-1

[Event "Kvika Reykjavik Open 2022"]
[Site "Reykjavik ISL"]
[Date "2022.04.07"]
[Round "2.40"]
[White "Johansson, Carl Fredrik"]
[Black "Unhjem, Bjorn Robert Lovoll"]
[Result "1-0"]
[WhiteTitle "CM"]
[WhiteElo "2221"]
[BlackElo "1939"]
[WhiteFideId "1701576"]
[BlackFideId "1525948"]
[EventDate "2022.04.06"]

1. d4 Nf6 2. c4 e6 3. Nc3 Bb4 4. e3 O-O 5. Bd3 c5 6. Nf3 d5 7. O-O cxd4 8. exd4
dxc4 9. Bxc4 Nbd7 10. Qe2 Nb6 11. Bb3 Nbd5 12. Bd2 Be7 13. Rfe1 b6 14. Ne5 Bb7
15. Rad1 Rc8 16. Qd3 Qd6 17. Qh3 Nxc3 18. bxc3 Bd5 19. Bc2 g6 20. Bh6 Rfe8 21.
Bg5 Nh5 22. Bc1 Bxa2 23. g4 Nf6 24. Bg5 Rf8 25. Ra1 Bd5 26. Rxa7 Rc7 27. Rxc7
Qxc7 28. Qe3 Rc8 29. c4 Bxc4 30. Qf4 Qd8 31. Be4 Bb5 32. Rb1 Be8 33. Bb7 Nd5 34.
Bxe7 Qxe7 35. Bxd5 exd5 36. Rxb6 Qa3 37. Kg2 Qe7 38. g5 Bd7 39. Rb7 Bh3+ 40.
Kxh3 Qxb7 41. Ng4 Qe7 42. Nf6+ Kg7 43. Qh4 h5 44. gxh6+ Kh8 45. Qf4 Rd8 46. Ng4
Rd6 47. Kg3 f6 48. h4 Rb6 49. Qf3 Kh7 50. h5 f5 51. hxg6+ Kxg6 52. Ne5+ Kxh6 53.
Qxd5 Kg7 54. Kf3 Rd6 55. Qc4 Qb7+ 56. Kg3 Qa7 57. Qc1 Qe7 58. Qf4 Qf6 59. Kf3
Qe6 60. Qg5+ Kf8 61. Qh4 Qb3+ 62. Ke2 Qb2+ 63. Ke3 Qc3+ 64. Ke2 Qc2+ 65. Ke3
Qc1+ 66. Ke2 Qb2+ 67. Ke3 Qb3+ 68. Ke2 Qg8 69. Qh5 Qe6 70. Qh8+ Ke7 71. Kd3 Qb3+
72. Ke2 Qa2+ 73. Kf1 Qe6 74. Qg7+ Kd8 75. Nf7+ Kc7 76. Nxd6+ Kxd6 77. Qg3+ Kd7
78. Qd3 Qd5 79. Ke2 Ke6 80. Qe3+ Kf6 81. Qh6+ Kf7 82. Qh7+ Ke8 83. Qh8+ Kd7 84.
Qe5 Qf7 85. Qb5+ Kc7 86. Qc5+ Kb7 87. Ke3 Qh5 88. Qe7+ Kc6 89. Qf6+ Kd7 90. Qg7+
Kd6 91. Qg3+ Kd7 92. Kf4 Kd6 93. Qa3+ Ke6 94. Qb3+ Kd6 95. Qb6+ Ke7 96. Qc5+ 1-0

[Event "Kvika Reykjavik Open 2022"]
[Site "Reykjavik ISL"]
[Date "2022.04.07"]
[Round "2.49"]
[White "Solnicki, Michal"]
[Black "Baecker, Niko"]
[Result "0-1"]
[WhiteElo "2182"]
[BlackElo "1885"]
[WhiteFideId "1136348"]
[BlackFideId "1669141"]
[EventDate "2022.04.06"]

1. Nf3 Nf6 2. c4 c6 3. b3 d5 4. Bb2 Bf5 5. g3 e6 6. Bg2 Be7 7. O-O O-O 8. d3 h6
9. Nbd2 Nbd7 10. Re1 Bg6 11. Qc2 Rc8 12. e4 Nc5 13. Ne5 Bh7 14. b4 Ncd7 15. Nxd7
Nxd7 16. Qc3 Bf6 17. Qa3 Bxb2 18. Qxb2 c5 19. d4 cxd4 20. Qxd4 dxc4 21. Nxc4 Qc7
22. Bf1 Nb6 23. Na5 Rfd8 24. Qe3 Qe7 25. a3 e5 26. Rac1 Kh8 27. Nb3 f6 28. Nc5
Rd4 29. f3 Bg8 30. Rc3 Nc4 31. Bxc4 Rxc4 32. Rxc4 Bxc4 33. Rc1 Bf7 34. Kf2 b6
35. Nd3 Rxc1 36. Qxc1 Qe6 37. Ke3 Qb3 38. Qb2 Qc4 39. f4 Bg6 40. Nf2 Kh7 41.
fxe5 fxe5 42. g4 Qf1 43. h3 Qc4 44. h4 Qf7 45. Qxe5 Qb3+ 46. Nd3 Qxa3 47. h5 Bf7
48. Qf5+ Kg8 49. Qc8+ Kh7 50. Qc2 Bg8 51. e5 a5 52. b5 Qb3 53. Qxb3 Bxb3 54. Kd4
Kg8 55. Nf4 Kf7 56. Kc3 Be6 57. Kd4 Ke7 58. Ng6+ Kd7 59. Nf8+ Ke7 60. Ng6+ Kd8
61. Nf4 Kd7 62. Kc3 Bf7 63. Nd3 Bd5 64. Kd4 Bf3 65. Nf2 Ke6 66. Ke3 Bd5 67. Kd4
a4 68. Nd3 a3 69. Nf4+ Kf7 70. Kxd5 a2 71. Kd6 a1=Q 72. e6+ Ke8 73. Nd5 Qa3+ 74.
Ke5 Qc5 75. Ke4 Qd6 76. Nf4 Qb4+ 77. Ke5 Qxb5+ 78. Nd5 Qc5 79. e7 Qxd5+ 80. Kxd5
Kxe7 81. Kd4 0-1

[Event "Kvika Reykjavik Open 2022"]
[Site "Reykjavik ISL"]
[Date "2022.04.07"]
[Round "2.58"]
[White "Gregersen, Einar"]
[Black "Mahajan, Rushaan"]
[Result "1-0"]
[BlackTitle "CM"]
[WhiteElo "1822"]
[BlackElo "2101"]
[WhiteFideId "7200153"]
[BlackFideId "30934222"]
[EventDate "2022.04.06"]

1. e4 c6 2. Nf3 d5 3. Nc3 Bg4 4. Be2 e6 5. d4 Bb4 6. e5 Nd7 7. O-O Ne7 8. Ng5
Bxe2 9. Qxe2 Nf5 10. Rd1 Be7 11. Qh5 g6 12. Qg4 c5 13. dxc5 Bxc5 14. Nf3 a6 15.
Na4 Ba7 16. c4 h5 17. Qf4 dxc4 18. Qxc4 b5 19. Qc6 Qc8 20. Qxc8+ Rxc8 21. Nc3
Nb6 22. Ne4 Nd5 23. Bg5 O-O 24. Rac1 a5 25. h3 Nb4 26. Rxc8 Rxc8 27. g4 Ng7 28.
Nf6+ Kf8 29. Nd7+ Kg8 30. Nf6+ Kf8 31. Rd7 hxg4 32. hxg4 Bb8 33. Bh6 Nd5 34. Ng5
Nxf6 35. exf6 Ke8 36. Rd1 Kf8 37. Bxg7+ Kg8 38. Nxf7 a4 1-0

[Event "Kvika Reykjavik Open 2022"]
[Site "Reykjavik ISL"]
[Date "2022.04.07"]
[Round "2.59"]
[White "Sigurthorsson, Kristinn J"]
[Black "Heer, Stephan"]
[Result "1/2-1/2"]
[WhiteElo "1818"]
[BlackElo "2067"]
[WhiteFideId "2311585"]
[BlackFideId "1302345"]
[EventDate "2022.04.06"]

1. e4 g6 2. d4 Bg7 3. Be3 d6 4. Qd2 a6 5. c4 Nd7 6. Nc3 e5 7. d5 f5 8. f3 Ngf6
9. exf5 gxf5 10. Bh6 Qe7 11. O-O-O Nc5 12. b4 Ncd7 13. Bd3 b5 14. Nh3 Nb6 15.
Bxg7 Qxg7 16. c5 dxc5 17. bxc5 Nbd7 18. Bxf5 Nxc5 19. g4 Bxf5 20. gxf5 O-O-O 21.
Rhg1 Qe7 22. Qh6 b4 23. Ne4 Nfxe4 24. fxe4 Rd6 25. Qe3 Rb6 26. Ng5 b3 27. Rd2
Na4 28. d6 Rxd6 29. Rxd6 bxa2 30. Qa3 Qxd6 31. Qxa4 Qc5+ 32. Kb2 Qxg1 33. Qxa6+
Kb8 34. Qb5+ Qb6 35. Qxb6+ cxb6 36. Kxa2 Kc7 37. Kb3 Rg8 38. Nxh7 Rh8 39. Ng5
Rxh2 40. Kc4 Kc6 41. Nf3 b5+ 42. Kb4 Rb2+ 43. Kc3 Rf2 44. Nxe5+ Kd6 45. Kd4 Rf1
46. Nd3 Rd1 47. e5+ Kc6 48. Ke4 Rb1 49. f6 Kd7 50. Kf5 Rf1+ 51. Nf4 b4 52. e6+
Kd6 53. e7 Kd7 54. Ke5 b3 55. Nd3 Rc1 56. Kd4 Rc2 57. Ne5+ Ke8 58. Kd3 Re2 59.
Nc4 b2 60. Nd6+ Kd7 61. Kxe2 b1=Q 62. e8=Q+ Kxd6 63. f7 Qb2+ 64. Kf3 Qf6+ 1/2-1/2

[Event "Kvika Reykjavik Open 2022"]
[Site "Reykjavik ISL"]
[Date "2022.04.07"]
[Round "2.60"]
[White "Briem, Benedikt"]
[Black "Rachlin, Paul"]
[Result "1-0"]
[WhiteElo "2062"]
[BlackElo "1820"]
[WhiteFideId "2315432"]
[BlackFideId "2053764"]
[EventDate "2022.04.06"]

1. d4 d5 2. c4 c6 3. Nc3 Nf6 4. cxd5 cxd5 5. f3 Nc6 6. e4 a6 7. e5 Ng8 8. f4 e6
9. Nf3 Bb4 10. Bd3 Nge7 11. O-O O-O 12. Bxh7+ Kh8 13. Bc2 g6 14. a3 Ba5 15. f5
Nxf5 16. Bxf5 exf5 17. Bg5 f6 18. Bxf6+ Rxf6 19. exf6 Be6 20. Qd2 Qf8 21. Qg5
Qf7 22. Qh4+ Kg8 23. Ng5 Qxf6 24. Qh7+ Kf8 25. Qxb7 Qxg5 26. Qxa8+ Nd8 27. Nxd5
Bd7 28. Qxa6 Nc6 29. Nf4 Bc7 30. Qxc6 Bxf4 31. Qxd7 1-0

[Event "Kvika Reykjavik Open 2022"]
[Site "Reykjavik ISL"]
[Date "2022.04.07"]
[Round "2.61"]
[White "Koes, Richard"]
[Black "Cramling Bellon, Anna"]
[Result "0-1"]
[BlackTitle "WFM"]
[WhiteElo "1807"]
[BlackElo "2057"]
[WhiteFideId "1020528"]
[BlackFideId "32009232"]
[EventDate "2022.04.06"]

1. e4 c5 2. Nf3 e6 3. d4 cxd4 4. Nxd4 Nc6 5. Be2 Nf6 6. Nc3 Bb4 7. Bf3 O-O 8.
O-O h6 9. Nxc6 bxc6 10. e5 Nd5 11. Nxd5 cxd5 12. Qd4 Qb6 13. Qg4 Kh7 14. Be2 f5
15. exf6 Rxf6 16. Bd3+ Kg8 17. Kh1 e5 18. Qh5 Qe6 19. c3 Bd6 20. Bd2 Bb7 21. f3
Raf8 22. Bg5 Rf5 23. Bxf5 Qxf5 24. h4 hxg5 25. hxg5 g6 26. Qh4 Rf7 27. g4 Qf4
28. Qf2 Rh7+ 0-1

[Event "Kvika Reykjavik Open 2022"]
[Site "Reykjavik ISL"]
[Date "2022.04.07"]
[Round "2.62"]
[White "Murphy, Ryan"]
[Black "Skahlberg Bjerknes-Lima de Faria, Warg"]
[Result "1-0"]
[WhiteElo "2051"]
[BlackElo "1813"]
[WhiteFideId "2082438"]
[BlackFideId "1738100"]
[EventDate "2022.04.06"]

1. e4 c5 2. Nf3 g6 3. c3 d5 4. exd5 Qxd5 5. d4 Nc6 6. Be2 Bg7 7. c4 Qd8 8. d5
Nd4 9. Nxd4 cxd4 10. O-O Qb6 11. Na3 Nf6 12. Nc2 Ne4 13. Bd3 Nc5 14. Ne1 O-O 15.
b3 a5 16. Rb1 e5 17. dxe6 Bxe6 18. Ba3 Rfd8 19. Bxc5 Qxc5 20. Qf3 Bd7 21. Be4
Bc6 22. Nd3 Bxe4 23. Qxe4 Qc6 24. Rfe1 Re8 25. Qxc6 bxc6 26. g3 Bf8 27. c5 Rab8
28. Kf1 Kg7 29. Rxe8 Rxe8 30. a3 Ra8 31. Re1 Rb8 32. b4 axb4 33. axb4 Kf6 34.
Re4 Rd8 35. f4 Kf5 36. Re5+ Kf6 37. g4 h6 38. g5+ hxg5 39. fxg5+ Kg7 40. h4 Ra8
41. Re4 Rd8 42. Ke2 Kg8 43. Ne5 Rc8 44. Kd3 Bg7 45. Nf3 Kf8 46. Nxd4 Bxd4 47.
Rxd4 Ke7 48. Re4+ Kd7 49. Kc4 Rc7 50. Rf4 Kc8 51. Rf6 Kb7 52. b5 cxb5+ 53. Kxb5
Re7 54. Rb6+ Kc7 55. Ra6 Kb8 56. Kb6 Re1 57. Ra4 Rc1 58. Kc6 Rc2 59. Rf4 Re2 60.
Rxf7 Re6+ 61. Kd5 Re8 62. c6 Re1 63. Kd6 Rd1+ 64. Ke7 Rc1 65. Rf6 Rc4 66. Kf7
Rxh4 67. Kxg6 Kc7 68. Kg7 Rg4 69. g6 Rc4 70. Kf7 Kd8 71. g7 Rg4 72. g8=Q+ Rxg8
73. Kxg8 Kc7 74. Kf7 Kb6 75. Ke7 Kc7 76. Rh6 Kb6 77. Kd7 Ka6 78. c7+ Ka7 79. Rg6
Kb7 80. c8=Q+ Ka7 81. Ra6# 1-0

[Event "Kvika Reykjavik Open 2022"]
[Site "Reykjavik ISL"]
[Date "2022.04.07"]
[Round "2.63"]
[White "Briem, Stephan"]
[Black "Haraldsson, Sigurjon"]
[Result "1-0"]
[WhiteElo "2048"]
[BlackElo "1806"]
[WhiteFideId "2312506"]
[BlackFideId "2303655"]
[EventDate "2022.04.06"]

1. d4 Nf6 2. c4 g6 3. Nc3 d5 4. cxd5 Nxd5 5. Bd2 Bg7 6. e4 Nxc3 7. Bxc3 O-O 8.
Nf3 c5 9. d5 Bxc3+ 10. bxc3 Bg4 11. Be2 Nd7 12. Nd2 Bxe2 13. Qxe2 Qc7 14. O-O
Rae8 15. f4 e6 16. c4 exd5 17. cxd5 Nf6 18. Qc4 b5 19. Qxb5 Nxe4 20. Qd3 c4 21.
Qd4 f5 22. Nxc4 Rd8 23. Rac1 Rf6 24. d6 Qc5 25. Qxc5 Nxc5 26. Ne5 Ne4 27. d7 Nd6
28. Rc7 Nb5 29. Rc8 Rff8 30. Rxd8 Rxd8 31. Rd1 1-0

[Event "Kvika Reykjavik Open 2022"]
[Site "Reykjavik ISL"]
[Date "2022.04.07"]
[Round "2.64"]
[White "Collins, Adam"]
[Black "Finnsson, Johann Arnar"]
[Result "1/2-1/2"]
[WhiteElo "2039"]
[BlackElo "1805"]
[WhiteFideId "2512300"]
[BlackFideId "2308240"]
[EventDate "2022.04.06"]

1. e4 g6 2. d4 Bg7 3. Nc3 c6 4. Nf3 d5 5. h3 dxe4 6. Nxe4 Nd7 7. Bd3 Ngf6 8.
Nxf6+ Nxf6 9. O-O O-O 10. Re1 Qc7 11. Qe2 Re8 12. c3 Bd7 13. Ne5 c5 14. Bc4 e6
15. Qf3 cxd4 16. Bg5 Bc6 17. Nxc6 Qxc6 18. Qxc6 bxc6 19. cxd4 Nd5 20. Rad1 h6
21. Bh4 Rec8 22. Bg3 a5 23. Be5 Bxe5 24. dxe5 Rab8 25. Rd2 Rb6 26. Rc1 Rcb8 27.
b3 Nb4 28. Rcd1 Kf8 29. Rd8+ Rxd8 30. Rxd8+ Ke7 31. Ra8 Nxa2 32. Rxa5 Nc3 33.
Ra7+ Ke8 34. Kf1 Nb5 35. Ra8+ Kd7 36. Ke1 Nd4 37. Ra7+ Ke8 38. Ra2 Rb7 39. Ra8+
Ke7 40. Rc8 Kd7 41. Rf8 Ke7 42. Rc8 1/2-1/2

[Event "Kvika Reykjavik Open 2022"]
[Site "Reykjavik ISL"]
[Date "2022.04.07"]
[Round "2.65"]
[White "Steiner, Juraj"]
[Black "Kumar, Sanjit S"]
[Result "1-0"]
[WhiteElo "2028"]
[BlackElo "1792"]
[WhiteFideId "367516"]
[BlackFideId "468142"]
[EventDate "2022.04.06"]

1. d4 d5 2. c4 e6 3. Nf3 c6 4. cxd5 exd5 5. Nc3 Bd6 6. Bg5 f6 7. Bh4 Ne7 8. e3
Bf5 9. Bd3 O-O 10. Qc2 Bxd3 11. Qxd3 Ng6 12. Bg3 f5 13. Bxd6 Qxd6 14. g3 Nd7 15.
O-O a5 16. Rab1 Nb6 17. b3 Qe7 18. h4 h5 19. Ng5 Nh8 20. Ne2 g6 21. Nf4 Rf6 22.
f3 Re8 23. Rfe1 Qd7 24. Qc3 Ra8 25. Kf2 Nc8 26. e4 fxe4 27. fxe4 Ne7 28. e5 Rf5
29. Kg2 Raf8 30. Nge6 Ra8 31. Rf1 Nf7 32. Nc5 Qc7 33. Nxg6 Rxf1 34. Nxe7+ Qxe7
35. Rxf1 Nh6 36. Qc2 Ng4 37. Qg6+ Qg7 38. Qe6+ Kh8 39. Rf7 Qg8 40. Rf4 a4 41.
Qxg8+ Kxg8 42. b4 b6 43. Nd7 Kg7 44. Kf3 Ra7 45. e6 Ra8 46. Rf7+ Kg6 47. Kf4 Re8
48. Ne5+ Kh6 49. Nxg4+ hxg4 50. Ke5 1-0

[Event "Kvika Reykjavik Open 2022"]
[Site "Reykjavik ISL"]
[Date "2022.04.07"]
[Round "2.66"]
[White "Labrovic, Jakov"]
[Black "Dietzsch, Herbert"]
[Result "1/2-1/2"]
[WhiteElo "1806"]
[BlackElo "2027"]
[WhiteFideId "14549786"]
[BlackFideId "4608364"]
[EventDate "2022.04.06"]

1. e4 c5 2. Nf3 Nc6 3. Nc3 e6 4. d4 cxd4 5. Nxd4 Nf6 6. Be3 Bb4 7. Bd3 d5 8.
Nxc6 bxc6 9. e5 d4 10. O-O dxe3 11. exf6 Bxc3 12. bxc3 Qxf6 13. fxe3 Qxc3 14.
Qh5 g6 15. Qh6 f5 16. Rab1 Kf7 17. e4 Qg7 18. Qe3 Qe5 19. Qh6 Qg7 20. Qf4 Qd4+
21. Kh1 Rd8 22. Qg3 Qd6 23. Qg5 Qe7 24. Qh6 Kg8 25. exf5 exf5 26. Bc4+ Kh8 27.
Rfe1 Qf6 28. Re3 f4 29. Rf3 Qg7 30. Qxf4 Bf5 31. Bb3 Rd4 32. Qe3 Rad8 33. Re1
Re4 34. Qf2 Qd4 35. Qxd4+ Rdxd4 36. Rff1 Rd2 37. Kg1 Kg7 38. Rxe4 Bxe4 39. Rf2
Rd1+ 40. Rf1 1/2-1/2